000 00502nam a2200217Ia 4500
003 OSt
005 20220924142526.0
006 a|||||r|||| 00| 0
007 ta
008 220923b |||||||| |||| 00| 0 mni d
024 _a302313
037 _cTextual
040 _aARTS
_cARTS
_bmni
041 _2mni
_amni
082 _aV277'N7, 446114L2
245 0 _aPacha
260 _c1972
650 _aHISTORY
942 _hV277'N7, 446114L2
_cTEXL
_2CC
999 _c451035
_d451035